000 00463pab a2200169 454500
008 180718b2012 xxu||||| |||| 00| 0 eng d
100 _aVijay, R.
245 _aStructural retrogression and rise of new landlords in Indian agriculture: An empirical exercise
260 _c2012
300 _ap.37-45.
362 _a4 Feb
650 _aAgriculture - India
650 _aAgriculture
773 _aEconomic and Political Weekly
908 _aN
909 _a95701
999 _c95701
_d95701